000
00305nam a2200133Ia 4500
008
231129s1966||||xx |||||||||||||| ||spa||
040
_b
spa
082
_a
G863 S689f
100
_a
Solí²rzano Carlos
245
0
_a
Los falsos demonios
260
_c
1966
264
_a
Joaquin Mortiz
942
_2
ddc
_c
BKS
999
_c
19673
_d
19673